Music Quiz

Random Music Quiz

Guess the EXO members? Quiz Stats

 Plays Quiz not verified by Sporcle

Score 0/12 Timer 03:00
0 Plays Today
% Correct
kai
99.5%
chanyeol
92.8%
baekhyun
91.8%
do
91.7%
sehun
89.4%
tao
89.2%
suho
89.2%
xiumin
88.6%
lay
87.7%
kris
84.5%
luhan
79.4%
chen
78.9%

You're not logged in!

Compare scores with friends on all Sporcle quizzes.
OR
Log In

Sporcle TV

Today on Sporcle TV


Watch our educational content, quiz creation guides, and fun videos on Sporcle TV.

Show Comments

Extras

Created Sep 15, 2017ReportNominate
Tags:Exo

Top Quizzes Today


Score Distribution

Your Account Isn't Verified!

In order to create a playlist on Sporcle, you need to verify the email address you used during registration. Go to your Sporcle Settings to finish the process.

Report this User

Report this user for behavior that violates our Community Guidelines.

Details: